[Event "Ch City ("]
[Site "masterchessopen.com Mar del Plata (Argentina)"]
[Round "8"]
[White "Herrero Luis Alcides (ARG)"]
[Black "Corsi Ferrari A (ARG)"]
[Result "0-1"]
[WhiteElo "2210"]
[BlackElo "2160"]

1.d4 Nf6 2.c4 g6 3.Nc3 Bg7 4.e4 d6 5.f4 O-O 6.Nf3 c5 7.dxc5 Qa5 8.Bd3 Qxc5
9.Qe2 Nc6 10.Be3 Qa5 11.h3 Nh5 12.Kf2 f5 13.exf5 Bxf5 14.Bxf5 Rxf5 15.g4 Nxf4
16.Qd2 Nd3+ 17.Qxd3 Rxf3+ 18.Ke2 Nd4+ 19.Bxd4 Rxd3 20.Kxd3 Bxd4 21.Kxd4 Qb6+
22.Kd3 Qxb2 23.Rab1 Qg2 24.Nd5 b5 25.Nxe7+ Kf7 26.Rbe1 bxc4+ 27.Kxc4 Qxa2+
28.Kd4 Rb8 29.Rhf1+ Kg7 30.Nc6 Qd2+ 31.Kc4 Rc8 32.Re7+ Kg8 33.Rff7 Rxc6+
34.Kb5 Qd5+ {#R} 0-1

[Event "Memorial M.Sreiber (cat.8)"]
[Site "masterchessopen.com Subotica (Yugoslavia)"]
[Round "6"]
[White "Jakab Attila (HUN)"]
[Black "Popovic Dusan (SRB)"]
[Result "1-0"]
[WhiteElo "2369"]
[BlackElo "2372"]

1.d4 Nf6 2.c4 g6 3.Nc3 Bg7 4.e4 d6 5.f4 O-O 6.Nf3 c5 7.dxc5 Qa5 8.Bd3 Qxc5
9.Qe2 Nc6 10.Be3 Qa5 11.O-O Bg4 12.Rac1 Nd7 13.Qf2 Bxf3 14.gxf3 Rac8 15.Bb1
Rfe8 16.Rfd1 Nb6 17.Nd5 Na4 18.e5 dxe5 19.b4 Qd8 20.Nf6+ Bxf6 21.Rxd8 Rexd8
22.fxe5 Nxe5 23.c5 Nb2 24.Qe2 Ned3 25.Bxd3 Rxd3 26.b5 Ra3 27.Kh1 Na4 28.c6
bxc6 29.bxc6 Nc3 30.Qb2 Ra6 31.c7 Rc6 32.Bf4 Nd5 33.Qb5 Rxc1+ 34.Bxc1 Rxc7
35.Bh6 Rc8 36.Qxd5 {#r} 1-0

[Event "Ch Germany (juniors) (under 18)"]
[Site "masterchessopen.com Willingen (Germany)"]
[Round "3"]
[White "Korotkjevich Stanislav (UKR)"]
[Black "Ananjev Alexei (GER)"]
[Result "1-0"]
[WhiteElo "2321"]
[BlackElo "2096"]

1.d4 Nf6 2.c4 g6 3.Nc3 Bg7 4.e4 d6 5.f4 O-O 6.Nf3 c5 7.dxc5 Qa5 8.Bd3 Qxc5
9.Qe2 Nc6 10.Be3 Qa5 11.O-O Bg4 12.Rac1 Nd7 13.Qf2 Bxf3 14.gxf3 Rac8 15.Bb1
Rfe8 16.Rfd1 Red8 17.Nd5 e6 18.Nc3 Nb6 19.Qe2 Ne7 20.Nb5 d5 21.cxd5 Rxc1
22.Rxc1 exd5 23.Bc5 Nc6 24.Nd6 Bd4+ 25.Kh1 Rb8 26.b4 Qa3 27.Qd1 Qe3 28.Nb5
Bxc5 29.bxc5 Na4 30.exd5 Rd8 31.Be4 a6 32.Nd6 Na5 33.Qg1 Qa3 34.f5 Kg7 35.fxg6
hxg6 36.Nxf7 Kxf7 37.Qxg6+ Ke7 38.Qe6+ Kf8 39.Rg1 {#r} 1-0

[Event "It (open) (c)"]
[Site "masterchessopen.com Aragon (Spain)"]
[Round "4"]
[White "Guzman Moneo Alberto (ESP)"]
[Black "Remiro Juste Fernando J (ESP)"]
[Result "0-1"]
[WhiteElo "2098"]
[BlackElo "2273"]

1.d4 g6 2.c4 Bg7 3.Nc3 d6 4.e4 Nf6 5.f4 O-O 6.Nf3 c5 7.dxc5 Qa5 8.Bd3 Qxc5
9.Qe2 Nc6 10.Be3 Qa5 11.O-O Ng4 12.Bd2 Nd4 13.Nxd4 Bxd4+ 14.Kh1 Qh5 15.h3 Qh4
16.Be1 Qh6 17.Nd5 Kh8 18.Bc3 Bxc3 19.bxc3 Nf6 20.Qe3 Nxd5 21.cxd5 Bd7 22.Rab1
b6 23.Ba6 Bc8 24.Bb5 Bb7 25.a4 Rfc8 26.a5 bxa5 27.Bd7 Rc7 28.Rxb7 Rxb7 29.Bc6
Rab8 30.Bxb7 Rxb7 31.Ra1 Rb5 32.Rf1 Rc5 33.Qd4+ Qg7 34.e5 h5 35.Rb1 a4 36.Ra1
a5 37.Rxa4 g5 38.exd6 exd6 39.fxg5 Qxd4 40.cxd4 Rxd5 41.h4 Kg7 42.Kh2 Kg6
43.Kg3 Kf5 44.Kf3 Rb5 45.g3 Rb3+ 46.Kf2 Rb2+ 47.Kf3 Rb5 48.Ra3 d5 49.Ra4 Rb3+
50.Kf2 Ke4 51.Rxa5 Rb2+ 52.Ke1 Kxd4 53.Ra7 Rg2 54.Rxf7 Rxg3 55.Kf2 Rg4 56.Kf3
Ke5 57.Re7+ Kd6 58.Rh7 Rxh4 59.g6 Rg4 60.g7 Ke6 61.Ke3 h4 62.Rh6+ Kf7 {#R} 0-1

[Event "Ch France (team) (2) 2001/02"]
[Site "masterchessopen.com France"]
[Round "9"]
[White "Morand Christophe (FRA)"]
[Black "Lebrun Xavier (FRA)"]
[Result "1/2-1/2"]
[WhiteElo "2056"]
[BlackElo "2188"]

1.d4 Nf6 2.c4 g6 3.Nc3 Bg7 4.e4 O-O 5.f4 d6 6.Nf3 c5 7.dxc5 Qa5 8.Bd3 Qxc5
9.Qe2 Nc6 10.Be3 Qa5 11.O-O Ng4 12.Bd2 Nd4 13.Nxd4 Bxd4+ 14.Kh1 Qh5 15.h3 Nf6
16.Qxh5 Nxh5 17.Rf3 Bd7 18.Nd5 e6 19.Bc3 Bxc3 20.Nxc3 Bc6 21.Rf2 Rad8 22.Rd1
Nf6 23.Bc2 Rd7 24.Rfd2 Rfd8 25.Kh2 b6 26.g4 Kf8 27.Kg3 Ke7 28.a3 h6 29.Kf2 g5
30.f5 Rh8 31.Rg1 Rdd8 32.Re2 Nd7 33.Nb5 Bxb5 34.cxb5 Ne5 35.Bb1 Rc8 36.Rc2
Nd3+ 37.Ke2 Nf4+ 38.Ke3 Rxc2 39.Bxc2 Nxh3 40.Rg3 Nf4 41.Bd1 Rc8 42.Kd2 Kf6
43.Rg1 Ke5 44.Bc2 {#d} 1/2-1/2

[Event "It (cat.3)"]
[Site "masterchessopen.com Pinamar (Argentina)"]
[Round "6"]
[White "Giardelli Sergio C (ARG)"]
[Black "Crosa Martin (URU)"]
[Result "0-1"]
[WhiteElo "2431"]
[BlackElo "2446"]

1.c4 g6 2.d4 Bg7 3.Nc3 d6 4.e4 Nf6 5.f4 c5 6.dxc5 Qa5 7.Bd3 Qxc5 8.Nf3 Nc6
9.Qe2 O-O 10.Be3 Qa5 11.Rc1 Bg4 12.O-O Nd7 13.Kh1 Nc5 14.Bb1 Rfc8 15.h3 Bxf3
16.gxf3 Na4 17.Nxa4 Qxa4 18.h4 Qb4 19.Rf2 Bd4 20.Rg2 Qc5 21.Bg1 Qh5 22.Rg4 Kh8
23.Bxd4+ Nxd4 24.Qf2 e5 25.b3 f5 26.exf5 gxf5 27.Rg5 Qh6 28.fxe5 Nxf3 29.exd6
Nxg5 30.Qd4+ Qg7 31.Qxg7+ Kxg7 32.Rg1 Kf6 33.Rxg5 Rc5 34.Rh5 Rd8 35.Rh6+ Kg7
36.Re6 Kf7 37.Rh6 Re5 38.Kg2 Kg7 {#R} 0-1

[Event "It"]
[Site "masterchessopen.com Balatonlelle (Hungary)"]
[Date "2002.06.25"]
[Round "6"]
[White "Gretarsson Helgi Ass (ISL)"]
[Black "Vajda Levente (ROM)"]
[Result "1-0"]
[WhiteElo "2514"]
[BlackElo "2576"]

1.c4 Nf6 2.Nc3 g6 3.d4 Bg7 4.e4 d6 5.f4 O-O 6.Nf3 c5 7.dxc5 Qa5 8.Bd3 Qxc5
9.Qe2 Nc6 10.Be3 Qa5 11.O-O Ng4 12.Bd2 Qb6+ 13.Kh1 Qxb2 14.Rab1 Qa3 15.h3 Nf6
16.Nb5 Qa4 17.Rb3 Qxa2 18.Ra3 Qb2 19.Rb1 Nh5 20.Qe3 Ng3+ 21.Kg1 Qf6 22.Kh2 Nh5
23.g4 Qxf4+ 24.Qxf4 Nxf4 25.Bxf4 f5 26.gxf5 gxf5 27.Rg1 Kh8 28.Rxg7 Kxg7 29.e5
dxe5 30.Nxe5 Kf6 31.Nxc6 bxc6 32.Nc7 Rb8 33.Ne8+ Rxe8 34.Bxb8 a6 35.Ra5 e5
36.Be2 Re6 37.Bc7 Re8 38.h4 Re6 39.Kg2 f4 40.Bh5 Bb7 41.Rc5 a5 42.Kf3 {#r} 1-0

[Event "Cup Baku (b)"]
[Site "masterchessopen.com Baku (Azerbaijan)"]
[Round "0"]
[White "Darini Pouria (IRI)"]
[Black "Mammadova Nargiz (AZE)"]
[Result "1/2-1/2"]
[WhiteElo "2077"]
[BlackElo "2108"]

1.d4 Nf6 2.c4 g6 3.Nc3 Bg7 4.e4 d6 5.f4 c5 6.dxc5 Qa5 7.Bd3 Qxc5 8.Qe2 Nc6
9.Nf3 O-O 10.Be3 Qa5 11.O-O Bg4 12.h3 Bxf3 13.Qxf3 Nd7 14.Rfc1 Nc5 15.Bf1 Na4
16.Nxa4 Qxa4 17.Qf2 Rac8 18.Qc2 Qb4 19.Rab1 Nd4 20.Qd2 Qb6 21.b4 e5 22.f5 Qc6
23.Bxd4 exd4 24.Bd3 gxf5 25.exf5 d5 26.cxd5 Bh6 27.Qe2 Qxd5 28.Qg4+ Kh8 29.f6
Rxc1+ 30.Rxc1 Qe5 31.Rd1 Qxf6 32.Qe4 Qg7 33.Qxb7 Be3+ 34.Kh1 f6 35.Qf3 Qg5
36.b5 Rf7 37.a4 Bf4 38.Re1 Qg3 39.Qxg3 Bxg3 40.Ra1 Rb7 41.a5 Kg7 42.Rc1 Rc7
43.Rb1 Rc3 44.Rd1 {#d} 1/2-1/2

[Event "It (cat.2)"]
[Site "masterchessopen.com Budapest (Hungary)"]
[Round "13"]
[White "Jakab Attila (HUN)"]
[Black "Deng Kong Liang (USA)"]
[Result "1-0"]
[WhiteElo "2402"]
[BlackElo "2433"]

1.d4 Nf6 2.c4 g6 3.Nc3 Bg7 4.e4 d6 5.f4 O-O 6.Nf3 c5 7.dxc5 Qa5 8.Bd3 Qxc5
9.Qe2 Nc6 10.Be3 Qa5 11.O-O Nd7 12.Rac1 Nc5 13.Bb1 Bg4 14.Rfd1 Ne6 15.Rd5 Qc7
16.f5 Nc5 17.h3 Bxf3 18.gxf3 Bxc3 19.Rxc3 e6 20.Rd2 exf5 21.exf5 Qe7 22.Qd1
Qe5 23.Rg2 Rfe8 24.Bf2 Qe2 25.Qc1 Qe5 26.Qh6 Qg7 27.Qd2 Qf6 28.Rg4 Na4 29.Bh4
Qg7 30.f6 Qf8 31.Ra3 Ne5 32.Rd4 Nb6 33.Rc3 Rac8 34.Be4 Nexc4 35.Qf4 d5 36.Bxd5
Nxd5 37.Rxd5 Nb6 38.Ra5 Rxc3 39.bxc3 Re2 40.Bf2 Qd8 41.Rxa7 Nd5 42.Qc4 Re6
43.Qxd5 {#r} 1-0

[Event "It (open)"]
[Site "masterchessopen.com Buenos Aires (Argentina)"]
[Round "3"]
[White "Filgueira Hernan (ARG)"]
[Black "Ricardi Pablo (ARG)"]
[Result "0-1"]
[WhiteElo "2371"]
[BlackElo "2548"]

1.d4 Nf6 2.c4 g6 3.Nc3 Bg7 4.e4 d6 5.f4 O-O 6.Nf3 c5 7.dxc5 Qa5 8.Bd3 Qxc5
9.Qe2 Nc6 10.Be3 Qa5 11.Rc1 Bg4 12.O-O e5 13.Qd2 exf4 14.Bxf4 Bxf3 15.gxf3 Ne5
16.Kh1 Rac8 17.Qe2 Nh5 18.Bd2 Qd8 19.f4 Qh4 20.Be1 Qxf4 21.Rxf4 Nxf4 22.Qf1
Nfxd3 23.Rb1 Nxe1 24.Rxe1 Rxc4 25.Nd5 Re8 26.b3 Rc2 27.Re2 Rc5 28.Nf6+ Bxf6
29.Qxf6 Re6 30.Qd8+ Kg7 31.Rf2 Ng4 32.Rf1 Rc2 33.Qd7 Nf2+ 34.Kg1 Rf6 {#R} 0-1

[Event "Ch Ukraine (juniors) (under 16)"]
[Site "masterchessopen.com Dnepropetrovsk (Ukraine)"]
[Round "5"]
[White "Eryomenko Volodymyr (UKR)"]
[Black "Voinov Sergey (RUS)"]
[Result "1/2-1/2"]
[WhiteElo "2386"]
[BlackElo "2103"]

1.d4 Nf6 2.c4 g6 3.Nc3 Bg7 4.e4 d6 5.f4 O-O 6.Nf3 c5 7.dxc5 Qa5 8.Bd3 Qxc5
9.Qe2 Nc6 10.Be3 Qa5 11.O-O Ng4 12.Bd2 Nd4 13.Nxd4 Bxd4+ 14.Kh1 Qh5 15.h3 Bd7
16.Nd5 Rae8 17.f5 Nf6 18.Nxf6+ Bxf6 19.Qxh5 gxh5 20.Bh6 Bg7 21.Bxg7 Kxg7
22.Be2 Kh6 23.Rf4 Kg5 24.Raf1 f6 25.g3 Rc8 26.Bxh5 Kxh5 27.Rh4+ Kg5 28.Rxh7
Rxc4 29.Rf4 Bxf5 30.h4+ Kg6 31.exf5+ Kxh7 32.Rxc4 Rg8 33.Kg2 Rg7 34.Rc7 e5
35.Rc8 Rd7 36.g4 d5 37.g5 d4 38.Kf2 e4 39.Re8 e3+ 40.Ke2 d3+ 41.Kd1 e2+ 42.Kd2
Kg7 43.g6 Rd5 44.Re7+ Kf8 45.Rf7+ Kg8 46.Re7 Kf8 47.Rf7+ Kg8 48.Re7 Kf8 49.Re4
Kg7 50.Re7+ Kf8 51.Re3 Kg7 52.Re7+ Kf8 {#d} 1/2-1/2

[Event "Ch France (juniors) (under 16) (g)"]
[Site "masterchessopen.com France"]
[Round "3"]
[White "Verot Melanie (FRA)"]
[Black "Chatte Anne-Sophie (FRA)"]
[Result "1-0"]
[WhiteElo "2100"]
[BlackElo "1979"]

1.d4 Nf6 2.c4 g6 3.Nc3 Bg7 4.e4 d6 5.f4 O-O 6.Nf3 c5 7.dxc5 Qa5 8.Bd3 Qxc5
9.Qe2 Nc6 10.Be3 Qa5 11.O-O Ng4 12.Bd2 Qb6+ 13.Kh1 Qxb2 14.Nb5 Qxa1 15.Rxa1
Bxa1 16.h3 Nh6 17.f5 Kg7 18.Qe3 Ng8 19.Qe1 Bf6 20.Nc7 Rb8 21.Nd5 Be5 22.Qh4
Bf6 23.Qf2 Bd7 24.g4 Be5 25.Be2 b6 26.Nxe5 dxe5 27.f6+ exf6 28.Nxf6 Bf5
29.Nxg8 Bxe4+ 30.Bf3 f5 31.Bxe4 fxe4 32.Bh6+ Kxg8 33.Bxf8 Rxf8 34.Qe3 Rf4
35.c5 Nd4 36.cxb6 axb6 37.Kg2 b5 38.Qa3 Nf3 39.Qb3+ Kg7 40.Qxb5 Ne1+ 41.Kg1
Nf3+ 42.Kh1 e3 43.Qe2 Nh4 44.Qxe3 Rf1+ 45.Kh2 Re1 46.Qa7+ Kh6 47.Qe7 g5
48.Qf6+ Ng6 49.a4 Re2+ 50.Kg1 Re1+ 51.Kf2 Ra1 52.Qc6 Ra2+ 53.Ke1 Kg7 54.a5 Nf4
55.Qc7+ Kg6 56.Qd6+ Kf7 57.Qd7+ Kg6 58.Qe8+ Kg7 59.Qxe5+ Kh6 60.Qf6+ Ng6
61.Qb6 Ra1+ 62.Kd2 Ra2+ 63.Kc1 Kg7 64.a6 {#r} 1-0

[Event "It (open)"]
[Site "masterchessopen.com Metz (France)"]
[Round "6"]
[White "Laurent Bruno (BEL)"]
[Black "Borzakian Manouk (FRA)"]
[Result "1/2-1/2"]
[WhiteElo "2335"]
[BlackElo "2198"]

1.d4 g6 2.c4 Bg7 3.Nc3 d6 4.e4 Nf6 5.f4 O-O 6.Nf3 c5 7.dxc5 Qa5 8.Bd3 Qxc5
9.Qe2 Nc6 10.Be3 Qa5 11.O-O Qd8 12.Rad1 Nd7 13.Qf2 b6 14.e5 dxe5 15.fxe5 Ncxe5
16.Nxe5 Bxe5 17.Be4 Rb8 18.Bh6 Bg7 19.Bxg7 Kxg7 20.Bc6 e5 21.Nb5 Qe7 22.Nxa7
Nc5 23.Nb5 Bb7 24.Rd6 Bxc6 25.Rxc6 e4 26.Rc7 Qe6 27.Qd4+ Kg8 28.Nd6 f6 29.b4
Na6 30.Ra7 Nxb4 31.Nxe4 Nc6 32.Qd7 Qxd7 33.Rxd7 f5 34.Ng5 h6 35.Rd6 Ne5 36.Nf3
Nxf3+ 37.Rxf3 Kg7 38.Re3 Rfd8 39.Rc6 Rd1+ 40.Kf2 Rd2+ 41.Kf3 Rbd8 42.Rxb6 Rxa2
43.Re7+ Kf8 44.Rh7 Kg8 45.Rxh6 Rd3+ 46.Kf4 Rd4+ 47.Ke5 Rxc4 48.Kf6 Rac2
49.Rb8+ Rc8 50.Rxc8+ Rxc8 51.Rxg6+ Kh7 52.Rg7+ Kh6 53.Rg6+ Kh7 54.Rg5 Rf8+
55.Ke7 Ra8 56.Rxf5 Kg6 57.Rf2 Ra1 58.Ke6 Re1+ 59.Kd5 Rh1 60.h3 Re1 61.Kd4 Kg5
62.Kd3 Kh4 63.Rf4+ Kh5 64.Kd2 Re8 65.g3 Re7 66.Rf5+ Kg6 67.Rf3 Kg5 68.Re3 Rh7
69.g4 Kh4 70.Kd3 Rd7+ 71.Ke2 Ra7 72.Rf3 Re7+ 73.Kd3 Re8 74.Kd4 Rd8+ 75.Ke5
Re8+ 76.Kd6 Re1 77.Rf6 Kxh3 78.g5 Kh4 79.g6 Kh5 {#d} 1/2-1/2

[Event "It (cat.1)"]
[Site "masterchessopen.com Opatija (Croatia)"]
[Round "4"]
[White "Glavas Dragan (CRO)"]
[Black "Zelenika Srdjan (CRO)"]
[Result "1-0"]
[WhiteElo "2316"]
[BlackElo "2270"]

1.d4 Nf6 2.c4 g6 3.Nc3 Bg7 4.e4 d6 5.f4 O-O 6.Nf3 c5 7.dxc5 Qa5 8.Bd3 Qxc5
9.Qe2 Nc6 10.Be3 Qa5 11.O-O Bg4 12.Rac1 Nd7 13.Bb1 Rac8 14.Rfd1 Qh5 15.Qf2
Bxf3 16.gxf3 Rfd8 17.Rd5 Qh3 18.Bd3 a6 19.Bf1 Qe6 20.Qg3 f5 21.Bh3 Nb4 22.Kh1
Rxc4 23.Bxf5 Qf7 24.Bxg6 hxg6 25.Rg5 Nf8 26.f5 e6 27.Rg1 exf5 28.exf5 Nd3
29.Ne4 Ne5 30.Bf4 Rc7 31.Bxe5 Bxe5 32.Qh4 Rdd7 33.Rh5 {#r} 1-0

[Event "Dos Hermanas Qualifier (17-B)"]
[Site "masterchessopen.com Internet"]
[Date "2003.03.17"]
[Round "2"]
[White "Soppe Guillermo (ARG)"]
[Black "Pettersson Tobias (SWE)"]
[Result "0-1"]
[WhiteElo "2433"]
[BlackElo "2071"]

1.d4 d6 2.c4 Nf6 3.Nc3 g6 4.e4 Bg7 5.f4 O-O 6.Nf3 c5 7.dxc5 Qa5 8.Bd3 Qxc5
9.Qe2 Nc6 10.Be3 Qa5 11.Rc1 Bg4 12.O-O Nd7 13.Qf2 Bxf3 14.Qxf3 Nc5 15.Bb1 Na4
16.Nxa4 Qxa4 17.Qf2 Qb4 18.b3 Qa5 19.c5 dxc5 20.Rxc5 Qd8 21.e5 Rc8 22.Rfc1 Qd7
23.Be4 Nb4 24.Rxc8 Rxc8 25.Rxc8+ Qxc8 26.Bxa7 Qc1+ 27.Qf1 Nxa2 28.Qxc1 Nxc1
29.Kf2 Nxb3 30.Bxb7 Na5 31.Be4 e6 32.Ke2 Bf8 33.g4 Nb3 34.Bb8 Bc5 35.Kd3 Bg1
36.Bg2 Bxh2 37.Ke4 Nc5+ 38.Ke3 Nd7 39.Bd6 g5 40.fxg5 Bxe5 41.Be7 Kg7 42.Be4
Ba1 43.Kf3 Ne5+ 44.Kg3 Ng6 45.Bc2 Nxe7 {#R} 0-1

[Event "It (open) (c)"]
[Site "masterchessopen.com Aragon (Spain)"]
[Round "0"]
[White "Lasanta Rica Cesar (ESP)"]
[Black "Martin Catalan Juan Vicente (ESP)"]
[Result "1-0"]
[WhiteElo "2305"]
[BlackElo "2134"]

1.d4 Nf6 2.c4 g6 3.Nc3 Bg7 4.e4 d6 5.f4 O-O 6.Nf3 c5 7.dxc5 Qa5 8.Bd3 Qxc5
9.Qe2 Nc6 10.Be3 Qa5 11.Rc1 Bg4 12.O-O Rac8 13.Rfd1 Nd7 14.Bb1 Rfd8 15.Qf2 Nc5
16.e5 Bxf3 17.gxf3 Na4 18.Nd5 Rd7 19.b3 Nc5 20.b4 Nxb4 21.Bd2 Nca6 22.Qxa7
Qc5+ 23.Qxc5 dxc5 24.Nb6 Rdc7 25.Nxc8 Rxc8 26.Bc3 Nc6 27.Rd7 Nc7 28.Be4 Bh6
29.Rb1 Ne6 30.Rbxb7 Nxf4 31.Kf2 Bg5 32.Bxc6 Rxc6 33.Rb8+ Kg7 34.e6+ f6
35.Rxe7+ Kh6 36.Rxh7+ Kxh7 37.e7 Bh4+ 38.Kf1 Rd6 39.e8=Q Rd1+ 40.Be1 Kh6
41.Qh8+ {#r} 1-0

[Event "It"]
[Site "masterchessopen.com Sao Paulo (Brazil)"]
[Round "6"]
[White "Soppe Guillermo (ARG)"]
[Black "Cukier Marcelo (BRA)"]
[Result "1/2-1/2"]
[WhiteElo "2433"]
[BlackElo "2120"]

1.d4 Nf6 2.c4 g6 3.Nc3 Bg7 4.e4 d6 5.f4 O-O 6.Nf3 c5 7.dxc5 Qa5 8.Bd3 Qxc5
9.Qe2 Nc6 10.Be3 Qa5 11.Rc1 Be6 12.Ng5 Bg4 13.Qd2 Rac8 14.O-O h6 15.Nf3 Qh5
16.Be2 e5 17.h3 Bxf3 18.Bxf3 Qh4 19.Nb5 Rcd8 20.f5 gxf5 21.exf5 e4 22.Bf2 Qg5
23.Qxg5 hxg5 24.Be2 d5 25.cxd5 Nxd5 26.Bc5 Rfe8 27.Nd6 Bd4+ 28.Kh1 Bxc5
29.Nxe8 Bd4 30.Rfd1 Ne3 31.Nc7 Nxf5 32.Bg4 Ne3 33.Rd2 Nxg4 34.hxg4 Rd6 35.g3
a6 36.Re1 e3 37.Rd3 Ne5 38.Rdxe3 Bxe3 39.Rxe3 Rd1+ 40.Kg2 Rd2+ 41.Kf1 Nxg4
42.Rb3 f5 43.Ne6 a5 {#d} 1/2-1/2

[Event "It (open)"]
[Site "masterchessopen.com Chennai (India)"]
[Date "2004.02.01"]
[Round "13"]
[White "Poobesh Anand S (IND)"]
[Black "Timoshenko Georgy (UKR)"]
[Result "0-1"]
[WhiteElo "2367"]
[BlackElo "2546"]

1.d4 Nf6 2.c4 g6 3.Nc3 Bg7 4.e4 d6 5.f4 O-O 6.Nf3 c5 7.dxc5 Qa5 8.Bd3 Qxc5
9.Qe2 Nc6 10.Be3 Qa5 11.O-O Bg4 12.Qf2 Bxf3 13.gxf3 Nb4 14.Bb1 e6 15.a3 Nc6
16.Rd1 Rfd8 17.Ra2 Qh5 18.b4 Ng4 19.fxg4 Qxg4+ 20.Kh1 Bxc3 21.Rc2 Qxd1+ {#R}
0-1

[Event "Ch France (team) 2004"]
[Site "masterchessopen.com France"]
[Date "2004.04.01"]
[Round "4"]
[White "Flear Glenn C (ENG)"]
[Black "Vallet Marc (FRA)"]
[Result "1-0"]
[WhiteElo "2457"]
[BlackElo "2222"]

1.d4 Nf6 2.c4 g6 3.Nc3 Bg7 4.e4 d6 5.f4 O-O 6.Nf3 c5 7.dxc5 Qa5 8.Bd3 Qxc5
9.Qe2 Nc6 10.Be3 Qa5 11.O-O Bg4 12.Rac1 Nd7 13.Qf2 Bxf3 14.gxf3 Nc5 15.Bb1 Na4
16.Nxa4 Qxa4 17.Rfd1 Rfd8 18.Kh1 Rac8 19.h4 Qa5 20.Rd5 Qa6 21.Rg5 e6 22.h5 Ne7
23.Rgg1 b6 24.f5 exf5 25.exf5 Rc5 26.Bxc5 dxc5 27.Qh4 Qb7 28.Be4 Qd7 29.hxg6
hxg6 30.fxg6 f5 31.Rcd1 Qxd1 32.Qxe7 fxe4 33.Rxd1 Rxd1+ 34.Kh2 {#r} 1-0

[Event "Ch Ukraine (1/2 final)"]
[Site "masterchessopen.com Alushta (Ukraine)"]
[Date "2004.05.04"]
[Round "1"]
[White "Zubov Alexander (UKR)"]
[Black "Lichman Peter (GER)"]
[Result "1-0"]
[WhiteElo "2487"]
[BlackElo "2270"]

1.d4 Nf6 2.c4 g6 3.Nc3 Bg7 4.e4 d6 5.f4 O-O 6.Nf3 c5 7.dxc5 Qa5 8.Bd3 Qxc5
9.Qe2 Nc6 10.Be3 Qa5 11.O-O Ng4 12.Bd2 Nd4 13.Nxd4 Bxd4+ 14.Kh1 Qh5 15.h3 Qh4
16.Be1 Qh5 17.Nd5 Re8 18.Nc7 Bd7 19.Rf3 e5 20.Nxa8 Rxa8 21.f5 Rf8 22.Bd2 Qh4
23.Raf1 Bb6 24.Bb4 Bc5 25.Bxc5 dxc5 26.Kg1 Nh6 27.Qf2 Qxf2+ 28.R1xf2 Bc6
29.Bc2 Rd8 30.Rd3 Rxd3 31.Bxd3 Kf8 32.a3 a5 33.fxg6 hxg6 34.g4 Ng8 35.h4 Kg7
36.g5 Ne7 37.Rf6 Kf8 38.Kf2 Bd7 39.Rd6 Ke8 40.Bc2 Bc6 41.Ke3 Nc8 42.Rf6 Ke7
43.b4 axb4 44.axb4 Nb6 45.Bb3 Na8 46.Bd1 Nb6 47.Bb3 Na8 48.Rf2 Nc7 49.b5 Bd7
50.Ra2 Ne8 51.b6 Bc6 52.Ra5 Kd6 53.Ra8 Kd7 54.Ra5 Kd6 55.Bd1 Bd7 56.Ra7 Bc6
57.Bg4 Ke7 58.Ra5 Kd6 59.Bc8 {#r} 1-0

[Event "Cup Bodensee"]
[Site "masterchessopen.com Wasserburg (Germany)"]
[Date "2004.05.09"]
[Round "3"]
[White "Vatter Hans-Joachim (GER)"]
[Black "Umbach Andreas (SUI)"]
[Result "1/2-1/2"]
[WhiteElo "2299"]
[BlackElo "2298"]

1.d4 Nf6 2.c4 g6 3.Nc3 Bg7 4.e4 d6 5.f4 O-O 6.Nf3 c5 7.dxc5 Qa5 8.Bd3 Qxc5
9.Qe2 Nc6 10.Be3 Qa5 11.O-O Bg4 12.Rac1 Rac8 13.Kh1 a6 14.a3 Nd7 15.Qf2 Bxf3
16.gxf3 Nc5 17.Qc2 Ne6 18.Nd5 {#d} 1/2-1/2

[Event "Ch Russia (students)"]
[Site "masterchessopen.com Ufa (Russia)"]
[Date "2004.05.10"]
[Round "6"]
[White "Bolshakov Anton (RUS)"]
[Black "Grunina Nina (RUS)"]
[Result "1/2-1/2"]
[WhiteElo "2281"]
[BlackElo "2181"]

1.d4 Nf6 2.c4 g6 3.Nc3 Bg7 4.e4 d6 5.f4 c5 6.dxc5 Qa5 7.Bd3 Qxc5 8.Qe2 Nc6
9.Nf3 O-O 10.Be3 Qa5 11.O-O Bd7 12.Rac1 Rac8 13.h3 Nh5 14.Kh2 e5 15.g3 exf4
16.gxf4 f5 17.Nd5 fxe4 18.Bxe4 Rce8 19.Qd3 Kh8 20.Bd2 Qd8 21.Rce1 Nf6 22.Nxf6
Qxf6 23.Ng5 Qd4 24.Qxd4 Bxd4 25.Bd5 Bxb2 26.Nf7+ Kg7 27.Nxd6 Rxe1 28.Rxe1 b6
29.Bxc6 Bxc6 30.Re7+ Kg8 31.Rc7 Ba8 32.Rxa7 g5 33.Kg3 h5 34.Be3 gxf4+ 35.Bxf4
Bd4 36.Nb5 Bc5 37.Nc7 Bc6 38.Ne6 Ra8 39.Rg7+ Kh8 40.Be5 Rg8 41.Kh4 Rxg7
42.Nxg7 Kg8 43.Kxh5 Kf7 44.Kg4 Be4 45.h4 Bd3 46.h5 Bf8 47.h6 Bxg7 48.hxg7 Bxc4
49.a3 Ke7 50.Kf5 Bg8 51.Kg6 Ke6 52.Bd4 b5 53.Bc5 Ke5 54.Bb4 Ke6 55.Bc3 Ke7
56.Bb2 Ke6 57.Bf6 Kd7 58.Kf5 Kd6 {#d} 1/2-1/2

[Event "It (open)"]
[Site "masterchessopen.com Marseilles (France)"]
[Round "6"]
[White "Flear Glenn C (ENG)"]
[Black "Zozulia Anna (BEL)"]
[Result "1/2-1/2"]
[WhiteElo "2457"]
[BlackElo "2412"]

1.d4 Nf6 2.c4 g6 3.Nc3 Bg7 4.e4 d6 5.f4 O-O 6.Nf3 c5 7.dxc5 Qa5 8.Bd3 Qxc5
9.Qe2 Nc6 10.Be3 Qa5 11.O-O Bg4 12.Rac1 Nd7 13.Qf2 Bxf3 14.gxf3 Nc5 15.Bb1 Na4
16.Nxa4 Qxa4 17.Rfd1 Rfd8 18.Rd3 Qa5 19.a3 Rac8 20.b4 Qh5 21.Rd5 Qh3 22.Bd3 e5
23.Bf1 Qe6 24.fxe5 Bxe5 25.Rcd1 b6 26.c5 bxc5 27.bxc5 dxc5 28.Bxc5 Qf6 29.Bb5
Rxd5 30.exd5 Nd8 31.Bxa7 Rc3 32.Be2 Rxa3 33.Be3 {#d} 1/2-1/2

[Event "It (open)"]
[Site "masterchessopen.com Voronezh (Russia)"]
[Date "2004.06.12"]
[Round "1"]
[White "Dzhagarov Roman (RUS)"]
[Black "Lukjanenko Alexander (RUS)"]
[Result "0-1"]
[WhiteElo "2188"]
[BlackElo "2394"]

1.d4 Nf6 2.c4 g6 3.Nc3 Bg7 4.e4 c5 5.dxc5 Qa5 6.Bd3 Qxc5 7.Be3 Qa5 8.f4 d6
9.Nf3 Nc6 10.Qe2 O-O 11.Rc1 Ng4 12.Bg1 e5 13.h3 Nf6 14.fxe5 dxe5 15.Be3 Nh5
16.Qf2 Nf4 17.Bb1 Be6 18.O-O Bxc4 19.Rfd1 Rad8 20.Nd2 Be6 21.Nd5 Nxd5 22.Nb3
Nxe3 23.Nxa5 Rxd1+ 24.Rxd1 Nxd1 25.Qe2 Nxa5 26.Qxd1 Nc6 27.Qa4 Rd8 28.Bc2 Bh6
29.Bb3 Rd4 30.Qb5 Rb4 {#R} 0-1

[Event "It (open)"]
[Site "masterchessopen.com Goch (Germany)"]
[Date "2004.10.03"]
[Round "6"]
[White "Ydo Pim (NED)"]
[Black "Versteeg Cees (NED)"]
[Result "1-0"]
[WhiteElo "2112"]
[BlackElo "1962"]

1.d4 Nf6 2.c4 g6 3.Nc3 d6 4.e4 Bg7 5.f4 O-O 6.Nf3 c5 7.dxc5 Qa5 8.Bd3 Qxc5
9.Qe2 Nc6 10.Be3 Qa5 11.O-O Ng4 12.Bd2 f5 13.Kh1 e5 14.Nd5 Qd8 15.fxe5 Ncxe5
16.Bg5 Bf6 17.Nxf6+ Nxf6 18.Nxe5 dxe5 19.exf5 e4 20.Bxe4 {#r} 1-0

[Event "It (open)"]
[Site "masterchessopen.com Omis (Croatia)"]
[Date "2004.10.06"]
[Round "1"]
[White "Kamenecki Stjepan (CRO)"]
[Black "Ljubicic Filip (CRO)"]
[Result "0-1"]
[WhiteElo "2000"]
[BlackElo "2395"]

1.d4 Nf6 2.c4 g6 3.Nc3 Bg7 4.e4 d6 5.f4 O-O 6.Nf3 c5 7.dxc5 Qa5 8.Bd3 Qxc5
9.Qe2 Nc6 10.Be3 Qa5 11.O-O Bg4 12.a3 Nd7 13.b4 Qd8 14.Rac1 a5 15.b5 Nd4
16.Bxd4 Bxd4+ 17.Kh1 Rc8 18.h3 Bxf3 19.Rxf3 e6 20.Nd1 Nc5 21.Bb1 f5 22.exf5
gxf5 23.Qd2 Qf6 24.Qxa5 Ne4 25.Qe1 d5 26.Qe2 Rf7 27.g4 Qh4 28.Qh2 Qe1+ 29.Kg2
Qd2+ 30.Nf2 Qxc1 31.Bxe4 dxe4 {#R} 0-1

[Event "Ch Wales"]
[Site "masterchessopen.com Cardiff (Wales)"]
[Date "2005.03.28"]
[Round "7"]
[White "May Frank (WLS)"]
[Black "Williams Leighton (WLS)"]
[Result "0-1"]
[WhiteElo "2145"]
[BlackElo "2348"]

1.d4 Nf6 2.c4 g6 3.Nc3 Bg7 4.e4 O-O 5.f4 d6 6.Nf3 c5 7.dxc5 Qa5 8.Bd3 Qxc5
9.Qe2 Nc6 10.Be3 Qa5 11.Rc1 Bg4 12.O-O Nd7 13.Qd2 Rac8 14.Be2 Nc5 15.h3 Bd7
16.Qc2 f5 17.exf5 Bxf5 18.Qd2 Rcd8 19.Nd4 e5 20.Nxc6 bxc6 21.Rcd1 Ne6 22.fxe5
dxe5 23.Qc1 Nd4 24.Bg4 Bxg4 25.hxg4 Qb4 26.Rxf8+ Rxf8 27.Bxd4 exd4 28.Ne4 Qe7
29.Qc2 Re8 30.Re1 Rd8 31.Qd3 Qh4 32.Rf1 Qxg4 33.c5 Re8 34.Nd6 Re3 35.Qc4+ Qe6
36.Qxe6+ Rxe6 37.Rf3 Bf8 38.Nb7 Re5 39.Rd3 {#R} 0-1